000 00321nam a2200121Ia 4500
008 190216s9999||||xx |||||||||||||| ||und||
100 _aThree Decades Of Kerala
245 0 _aKeralathinte Moonnu Dasakangal
260 _bKerala Basha Inst
_c1988
300 _a134p
650 _aKerala History-Kerala History
942 _cBK
999 _c40489
_d40489